Statistics for nba

Click here to take the quiz!

General Stats

  • This quiz has been taken 14 times
  • The average score is 9 of 15

Answer Stats

HintAnswer% Correct
deadkobe bryant
100%
how many players on the field10
86%
how many hoops2
86%
bulls playermichael jordan
86%
1st in world cup 2014united states of america
86%
3rd in world cup 2019france
71%
1st in world cup 2019spain
71%
4th in world cup 2019australia
57%
lakers player i thinklebron james
57%
2nd in world cup 2014serbia
57%
whats it called when you miss everythingair ball
43%
2nd in world cup 2019argentina
29%
is australia realyes
29%
3rd in world cup 2014france again
14%
4th in world cup 2014lithuania
0%

Score Distribution

Percentile by Number Answered

Percent of People with Each Score

Your Score History

You have not taken this quiz